Speed U.S. State to Capital - Statistics

General Stats
  • This quiz has been taken 444 times
    434 since last reset
  • The average score is 28 of 50
Answer Stats
State Capital City % Correct
California Sacramento
94%
Hawaii Honolulu
92%
Idaho Boise
91%
Colorado Denver
91%
Arizona Phoenix
91%
Indiana Indianapolis
86%
Florida Tallahassee
86%
Alaska Juneau
82%
Illinois Springfield
80%
Kansas Topeka
80%
Maryland Annapolis
77%
Delaware Dover
77%
Arkansas Little Rock
76%
Louisiana Baton Rouge
75%
Iowa Des Moines
75%
Georgia Atlanta
74%
Connecticut Hartford
74%
Montana Helena
74%
Nevada Carson City
72%
Mississippi Jackson
69%
Michigan Lansing
67%
Kentucky Frankfort
65%
Wyoming Cheyenne
61%
Nebraska Lincoln
60%
Massachusetts Boston
59%
New Hampshire Concord
59%
Rhode Island Providence
58%
New Jersey Trenton
55%
Missouri Jefferson City
52%
Minnesota St. Paul
52%
South Dakota Pierre
49%
Virginia Richmond
48%
North Dakota Bismarck
47%
New York Albany
42%
Maine Augusta
42%
Oklahoma Oklahoma City
42%
Ohio Columbus
41%
West Virginia Charleston
32%
Wisconsin Madison
31%
New Mexico Santa Fe
28%
Texas Austin
25%
Tennessee Nashville
22%
Utah Salt Lake City
22%
Washington Olympia
18%
South Carolina Columbia
17%
Oregon Salem
17%
Pennsylvania Harrisburg
16%
Vermont Montpelier
15%
North Carolina Raleigh
15%
Alabama Montgomery
14%
No matching quizzes found
Score Distribution
Percent of People with Each Score
Percentile by Number Answered
Your Score History
You have not taken this quiz since the last reset